| 000 | 01723nam a2200469 i 4500 | ||
|---|---|---|---|
| 001 | 11150 | ||
| 003 | KOSZ 005 | ||
| 005 | 20200430130107.0 | ||
| 008 | 200430s1968 pl g 000 0 pol | ||
| 015 | _aUWD 1968/6888 | ||
| 035 | _a991006680209705066 | ||
| 035 | _a(PL-WaBN)b11738133-48omnis_nlop | ||
| 035 | _ab11738133 | ||
| 035 | _a(OCoLC)830173512 | ||
| 035 | _a(PL)b0000001173813 | ||
| 035 | _a(EXLNZ-48OMNIS_NETWORK)9910205426105606 | ||
| 040 |
_aWA N _cWA N _dKOSZ 005/RW |
||
| 046 | _k1968 | ||
| 080 | _a808.4-3 | ||
| 245 | 0 | 0 |
_aMały słownik języka polskiego / _cpod redakcją Stanisława Skorupki, Haliny Auderskiej, Zofii Łempickiej ; [opracowanie Halina Chociłowska et al.]. |
| 260 |
_aWarszawa : _bPaństwowe Wydawnictwo Naukowe, _c1968. |
||
| 300 |
_aXXIV, 1033, [3] strony : _berrata ; _c25 cm. |
||
| 336 |
_aTekst _btxt _2rdacontent |
||
| 337 |
_aBez urządzenia pośredniczącego _bn _2rdamedia |
||
| 338 |
_aWolumin _bnc _2rdacarrier |
||
| 380 | _aKsiążki | ||
| 380 | _aPublikacje informacyjne | ||
| 388 | _a1901-2000 | ||
| 388 | _a1945-1989 | ||
| 650 | 7 | _aJęzyk polski | |
| 650 | 7 | _aSłownictwo | |
| 655 | 7 |
_aSłownik języka polskiego _2DBN |
|
| 658 | _aJęzykoznawstwo | ||
| 700 | 1 |
_aAuderska, Halina _d(1904-2000) _eRedakcja |
|
| 700 | 1 |
_aBondy-Łempicka, Zofia de _d(1893-1964) _eRedakcja |
|
| 700 | 1 |
_aChociłowska, Halina _eOpracowanie |
|
| 700 | 1 |
_aSkorupka, Stanisław _d(1906-1988) _eRedakcja |
|
| 710 | 2 |
_aPaństwowe Wydawnictwo Naukowe _4pbl |
|
| 856 |
_uhttp://koha.tu.koszalin.pl/cgi-bin/koha/opac-detail.pl?biblionumber=11150 _yKatalog online BPK |
||
| 942 |
_2UKD _cKS |
||
| 999 |
_c11150 _d11150 |
||